000 01331cam a22001934a 4500
005 20250605164006.0
008 250528s ||||||||||||||||||||||||d
035 _a15797
020 _a9602723521
040 _aGR-AtMCL
_bgre
_dGR-AtMCL
_eAACR2
245 1 _aΕταιρίες Προσωρινής Απασχόλησης / Η Επίδραση στην Αγορά Εργασίας
260 _bΕκδοτικές Επιχειρήσεις "Το Οικονομικό",
_c2006
300 _a208
520 _aΠρόλογος, Περιεχόμενα, Συντομογραφίες, Εισαγωγή, Η Διαχρονική Εξέλιξη και η Έννοια των Ιδιωτικών Υπηρεσιών Απασχόλησης, Η Συμβολή των ΕΠΑ στη Μείωση της Διαρθρωτικής Ανεργίας - N.A.I.R.U. στην ΕΕ και τις ΗΠΑ, Το Θεσμικό Πλαίσιο για την Προσωρινή Απασχόληση στην Ευρωπαϊκή Ένωση, Συμπεράσματα - Ενδεικτικές Προτάσεις Μέτρων Πολιτικής, Βιβλιογραφία, Πηγές, Ευρετήριο, Βιογραφικό Σημείωμα.
700 1 _aΑγραπίδας Κωνσταντίνος
_91783
942 _cBK
999 _c1349
_d1349